| 000 | 00520nam a22001697a 4500 | ||
|---|---|---|---|
| 003 | SISC | ||
| 005 | 20170606103017.0 | ||
| 008 | 170606b xxu||||| |||| 00| 0 eng d | ||
| 020 | _a9786214060511 | ||
| 050 |
_aPN 59 _b.Se443 2016 |
||
| 100 | _aSebastian, Evelyn L. | ||
| 245 |
_aAn easy journey to literature / _cEvelyn L. Sebastian. |
||
| 260 |
_aManila : _bMindshapers Co., Inc., _c2016. |
||
| 300 |
_aviii, 264 pages : _billustrations ; _c25 cm. |
||
| 500 | _aIncludes bibliographical references. | ||
| 942 |
_2lcc _cBK |
||
| 999 |
_c335202 _d335202 |
||